| 000 | 01179nam a22002297 4500 | ||
|---|---|---|---|
| 999 |
_c1105 _d1105 |
||
| 003 | AR-BaISA | ||
| 005 | 20231009160438.0 | ||
| 007 | ta | ||
| 008 | 220915s1992 ag |||| |||| 000 0 spa d | ||
| 020 | _a9789501239874 | ||
| 040 |
_bspa _cAR-BaISA |
||
| 082 | 0 | 4 |
_222 _a150.195 L115 |
| 100 | 1 |
_92316 _aLacan, Jacques |
|
| 243 | 1 | 3 | _aEl seminario de Jacques Lacan |
| 245 | 1 | 3 |
_aLibro 17: _bel reverso del psicoanálisis 1969-1970 |
| 260 |
_aBuenos Aires: _bPaidós, _c1992 |
||
| 300 | _a231 p. | ||
| 505 |
_tProducción de los cuatro discursos -- _tEJES DE LA SUBVERSIÓN ANALÍTICA: _tEl amo y la histérica -- _tSaber, medio de goce -- _tVerdad, hermana de goce -- _tEl campo lacaniano _tMÁS ALLÁ DEL COMPLEJO DE EDIPO: _tEl amo castrado -- _tEdipo, Moisés y el padre de la horda -- _tDel mito a la estructura -- _tLa feroz ignorancia de Yahvé _tEL REVERSO DE LA VIDA COTIDIANA: _tConversación en los escalones del Panteón -- _tLos surcos de la aletosfera -- _tLa impotencia de la verdad -- _tEl poder de los imposibles -- _tAnexo A: Analiticón -- _tAnexo B: Exposición del señor Caquot |
||
| 600 | 1 | 0 |
_92316 _aLacan, Jacques |
| 650 | 1 | 0 |
_9141 _aPsicoanálisis |
| 942 |
_2ddc _cLI _e22 |
||